<?xml version="1.0" encoding="UTF-8"?>
<record
    xmlns:xsi="http://www.w3.org/2001/XMLSchema-instance"
    xsi:schemaLocation="http://www.loc.gov/MARC21/slim http://www.loc.gov/standards/marcxml/schema/MARC21slim.xsd"
    xmlns="http://www.loc.gov/MARC21/slim">

  <leader>02623nab a2200301 ab4500</leader>
  <controlfield tag="005">20260428121215.0</controlfield>
  <controlfield tag="008">251016c2025    sp tr p#o#   #00|   eng d</controlfield>
  <controlfield tag="003"></controlfield>
  <datafield tag="040" ind1=" " ind2=" ">
    <subfield code="a">MX-MxUPN</subfield>
    <subfield code="b">spa</subfield>
    <subfield code="c">MX-MxUPN</subfield>
    <subfield code="e">aacr2</subfield>
  </datafield>
  <datafield tag="100" ind1="1" ind2=" ">
    <subfield code="a">Moral P&#xE9;rez, Mar&#xED;a Esther, del</subfield>
    <subfield code="9">58383</subfield>
  </datafield>
  <datafield tag="100" ind1="1" ind2=" ">
    <subfield code="a">L&#xF3;pez Bouzas, Nerea</subfield>
    <subfield code="9">58384</subfield>
  </datafield>
  <datafield tag="100" ind1="1" ind2=" ">
    <subfield code="a">Casta&#xF1;eda Fern&#xE1;ndez, Jonathan</subfield>
    <subfield code="9">58385</subfield>
  </datafield>
  <datafield tag="100" ind1="1" ind2=" ">
    <subfield code="a">Neira Pi&#xF1;eiro, Mar&#xED;a del Rosario</subfield>
    <subfield code="9">59413</subfield>
  </datafield>
  <datafield tag="100" ind1="1" ind2=" ">
    <subfield code="a">Camblor Pandiella, Bego&#xF1;a</subfield>
    <subfield code="9">59414</subfield>
  </datafield>
  <datafield tag="245" ind1="1" ind2="0">
    <subfield code="a">Habilidades docentes implicadas en el dise&#xF1;o de Juegos Digitales Inmersivos a partir de textos literarios y pel&#xED;culas de animaci&#xF3;n</subfield>
    <subfield code="h">[recurso electr&#xF3;nico en l&#xED;nea]</subfield>
  </datafield>
  <datafield tag="506" ind1="0" ind2=" ">
    <subfield code="a">Acceso abierto</subfield>
  </datafield>
  <datafield tag="520" ind1="3" ind2=" ">
    <subfield code="a">La creaci&#xF3;n de Juegos Digitales Educativos Inmersivos (JDEI) con Realidad Aumentada sustentada en textos literarios o pel&#xED;culas animadas conlleva la apropiaci&#xF3;n de esas narrativas y la integraci&#xF3;n de mec&#xE1;nicas, din&#xE1;micas y est&#xE9;ticas l&#xFA;dicas para propiciar el engagement del alumnado. Los objetivos de esta investigaci&#xF3;n son: 1) evaluar las habilidades implicadas en el dise&#xF1;o colaborativo de JDEI dirigidos al alumnado de Educaci&#xF3;n Infantil; 2) comparar la existencia de diferencias significativas respecto a las habilidades plasmadas en los JDEI elaborados, atendiendo al tipo de narrativa adaptada; 3) analizar el efecto de mediaci&#xF3;n o interacci&#xF3;n entre las habilidades implicadas en su dise&#xF1;o. La innovaci&#xF3;n se implement&#xF3; en el Grado de Maestro en Educaci&#xF3;n Infantil (N=203), siguiendo el modelo Gamifying Digital Storytelling with Augmented Reality, y se utiliz&#xF3; la escala TEaching Skills for GAmification para evaluar el nivel de habilidades did&#xE1;cticas, digitales, creativas, socio-colaborativas y gamificadoras reflejado en los juegos dise&#xF1;ados. Los resultados revelan un nivel alto en las habilidades gamificadoras, as&#xED; como en las hard skills -habilidades did&#xE1;cticas y digitales- y soft skills -socio-colaborativas y creativas-. Tambi&#xE9;n se evidencia una alta correlaci&#xF3;n entre las habilidades implicadas, constatando el potencial del dise&#xF1;o colaborativo de estos juegos para la formaci&#xF3;n de los futuros maestros.</subfield>
    <subfield code="c"> RED</subfield>
  </datafield>
  <datafield tag="650" ind1=" " ind2="2">
    <subfield code="a">Realidad aumentada</subfield>
    <subfield code="9">26807</subfield>
  </datafield>
  <datafield tag="653" ind1=" " ind2=" ">
    <subfield code="a">Habilidades duras</subfield>
  </datafield>
  <datafield tag="653" ind1=" " ind2=" ">
    <subfield code="a">Habilidades blandas</subfield>
  </datafield>
  <datafield tag="653" ind1=" " ind2="2">
    <subfield code="a">Juego digital</subfield>
  </datafield>
  <datafield tag="653" ind1=" " ind2="4">
    <subfield code="a">Formaci&#xF3;n del profesorado</subfield>
  </datafield>
  <datafield tag="773" ind1=" " ind2=" ">
    <subfield code="g">Vol. 25, no. 82 (2025), p. 1-26</subfield>
    <subfield code="t">RED : Revista de educaci&#xF3;n a distancia</subfield>
    <subfield code="x">1578-7680</subfield>
  </datafield>
  <datafield tag="856" ind1="4" ind2=" ">
    <subfield code="u">https://revistas.um.es/red/article/view/637521</subfield>
  </datafield>
  <datafield tag="856" ind1="4" ind2=" ">
    <subfield code="u">https://revistas.um.es/red/article/view/637521/379541</subfield>
  </datafield>
  <datafield tag="902" ind1=" " ind2=" ">
    <subfield code="a">Leonor Sotres/280426</subfield>
  </datafield>
  <datafield tag="942" ind1=" " ind2=" ">
    <subfield code="c">ART-E</subfield>
  </datafield>
  <datafield tag="952" ind1=" " ind2=" ">
    <subfield code="0">0</subfield>
    <subfield code="1">0</subfield>
    <subfield code="4">0</subfield>
    <subfield code="7">0</subfield>
    <subfield code="8">CAA</subfield>
    <subfield code="a">BCUPN50</subfield>
    <subfield code="b">BCUPN50</subfield>
    <subfield code="c">ENL</subfield>
    <subfield code="d">2026-04-28</subfield>
    <subfield code="l">0</subfield>
    <subfield code="r">2026-04-28 12:12:42</subfield>
    <subfield code="u">https://revistas.um.es/red/article/view/637521/379541</subfield>
    <subfield code="w">2026-04-28</subfield>
    <subfield code="y">ART-E</subfield>
  </datafield>
  <datafield tag="999" ind1=" " ind2=" ">
    <subfield code="c">215019</subfield>
    <subfield code="d">215019</subfield>
  </datafield>
</record>
